| 000 | 00748nam a22001217a 4500 | ||
|---|---|---|---|
| 040 | _cRUA | ||
| 082 | _aVEM MON 2014 B435 O.1 | ||
| 100 | _aMONG DARA; ម៉ុង ដារ៉ា | ||
| 245 | _aStudy on effectiveness of abamec l.a and albenzole on nematodes in gastro-intestinal tract of catle in saang district, kandal province, សិក្សាពីប្រសិទ្ធភាព ABAMEC l.A និង ALBNZOLE ចំពោះវត្តមាន Nematodes ក្នុងក្រពះពោះវៀនគោ ក្នុងស្រុកស្អាង ខេត្តកណ្ដាល | ||
| 300 |
_axi,58p. _bill. _c29cm. |
||
| 856 | _uhttps://drive.google.com/file/d/1axFd3s7gbbn48EghW6gZtT0LURZQWaUK/view?usp=sharing | ||
| 942 | _cVEM | ||
| 999 |
_c7161 _d7161 |
||